1380 1692 1435 1725 1903 1109 1807 1712 1864 1528 1796 1695 1582 1623 1248 1487 1571 1847 1749 1271 1129 1343 1364 1409 1517 1064 1431 1990 1351 1050 1056 1227 1716 1634 1646 1115 1285 1712 1514 1877 1058 1344 1702 1504 1945 1652 1091 1628 1953 1272 1166 1373 1848 1100 1206 1392 1920 1756 1069 1673 1814 1014 1204 1712 1905 1755 1372 1522 1213 1581 1599 1685 1710 1139 1700 1793 1137 1417 1450 1498 1113 1424 1380 1706 1568 1012 1259 1686 1138 1747 1638 1350 1346 1116 1898 1150 1868 1497 1520 BCNSPRNW ULIB Ver.6.0+V

เปลี่ยนเป็นภาษาไทย

Change to English
 แสดงรายละเอียดบรรณานุกรม
  กลับหน้าหลัก

Brief Record : Get Marc (ISO 2709) : E-mail record : QR code < ปิดหน้าต่าง
LEADER : 00000nam 2200000uu 4500
001    13399122415
003     ULIB
008    020711s2551 th a 000 0 tha d
020    9789742556815
090    นว.^bพ541ว
100    พัดชา
245    วิวาห์ปลูกรัก/^cพัดชา
250    พิมพ์ครั้งที่ 1
260    กรุงเทพฯ :^bศิลปาบรรณาคาร,^c2551
300    597 หน้า
945    ^p320^l0^i028015
999    ^aทศพร เกษรทอง
รายการนี้ยังไม่มีแท็ก
คุณยังไม่ได้ล็อกอิน คุณสามารถมีกิจกรรมร่วมกับเว็บไซต์ได้ แต่ต้องล็อกอินก่อน ::
  ล็อกอิน

รายการสื่อสารสนเทศ

ลำดับที่ ประเภท เลขเรียก/บาร์โค้ด สถานที่ สถานะ
1. นวนิยาย
นวนิยาย
นว. พ541ว ฉ.1 
  Barcode: 028015
ห้องสมุดวิทยาเขตสวรรค์ประชารักษ์
►นวนิยาย
บนชั้น
  ขอยืม

รายการใกล้เคียง
    ผู้แต่ง [พัดชา]

BibComment


ยังไม่เคยถูกคอมเมนท์

คอมเมนท์ทรัพยากรรายการนี้
  คอมเมนท์: วิวาห์ปลูกรัก พัดชา


 Copyright 2026. Bcnsprnw @Library